House Dividing (Record no. 108324)
[ view plain ]
| 000 -LEADER | |
|---|---|
| fixed length control field | 00393cam a22001575a 4500 |
| 001 - CONTROL NUMBER | |
| control field | L143969 |
| 008 - FIXED-LENGTH DATA ELEMENTS--GENERAL INFORMATION | |
| fixed length control field | 080610s xxk f 000 0 eng d |
| 020 ## - INTERNATIONAL STANDARD BOOK NUMBER | |
| International Standard Book Number | 9781845379582 |
| 035 ## - SYSTEM CONTROL NUMBER | |
| System control number | (Sirsi) u143969 |
| 041 0# - LANGUAGE CODE | |
| Language code of text/sound track or separate title | eng |
| 100 1# - MAIN ENTRY--PERSONAL NAME | |
| Personal name | Hymers,Paul |
| 245 00 - TITLE STATEMENT | |
| Title | House Dividing |
| Remainder of title | How to Create Multiple Homes from a Single Property |
| 651 #4 - SUBJECT ADDED ENTRY--GEOGRAPHIC NAME | |
| Geographic name | ENGLAND AND WALES |
| 942 ## - ADDED ENTRY ELEMENTS (KOHA) | |
| Suppress in OPAC | 0 |
No items available.